000 00526nam a22001817a 4500
999 _c189218
_d189218
005 20220622120532.0
010 _aENG-133309
020 _c300.00
035 _aEN-116841
037 _bDBAD/PUB
082 _a005.14
100 _aSivakumar, K.
245 _aSoftware Testing Fundamentals/
_cK. Sivakumar
260 _aChennai
_bForschung Publications
_c2020
270 _bChennai
_aMogappair
_mforschungpublications@gmail.com
_k9626166683
300 _a150p.
_c23cm(pbk)
942 _2ddc
_cEN
_h005.14
_mSIV